Los fichajes más caros del fútbol - Laterales derechos - 2015-2016 - Estadísticas

Estadísticas generales
  • Esta prueba ha sido intentada 16 veces
  • La puntuación promedio es 4 de 11
Estadísticas de respuestas
Coste (M €) Nacionalidad Último club Nuevo club Jugador % Correcto
15,00 Portugal Benfica Valencia CF João Cancelo
86%
10,00 Costa de Marfil Toulouse PSG Serge Aurier
79%
18,00 Italia Torino Manchester United Matteo Darmian
71%
8,50 Alemania VfB Stuttgart Bayern Múnich Joshua Kimmich
64%
17,70 Inglaterra Southampton Liverpool Nathaniel Clyne
43%
5,00 Albania FC Empoli Nápoles Elseid Hysaj
21%
4,90 Inglaterra Burnley Tottenham Kieran Trippier
21%
7,00 Portugal Sporting Lisboa Southampton Cédric Soares
7%
10,50 Serbia Udinese Calcio Lazio Dusan Basta
7%
4,90 México Villarreal CF Tigres UANL Javier Aquino
7%
5,00 Inglaterra Brentford Hull City Moses Odubajo
7%
No se encontraron pruebas coincidentes
Distribución de puntuación
Porcentaje de gente con cada puntuación
Porcentaje por número respondido
Historial de tus puntuaciones
No has intentado esta prueba.